000 00345nam a22001457a 4500
999 _c8995
_d8995
003 GBCCL
005 20241126110703.0
008 220215b ||||| |||| 00| 0 eng d
040 _cgbc
082 _a248
_bPRI
100 _aPritchard, Elizabeth
_911534
245 _aGolden windows /
_cElizabeth Pritchard
300 _a124p. ;
942 _2ddc
_cBK